| 000 | 00444nam a2200157 i 4500 | ||
|---|---|---|---|
| 001 | 147128 | ||
| 003 | ES-MaACL | ||
| 005 | 20230906201818.0 | ||
| 007 | t| | ||
| 008 | 070921s1958 xxu ||||1| eng d | ||
| 100 | 1 |
_aTwain, Mark. _9111791 |
|
| 245 | 1 | 0 |
_aA Connecticut Yankee in King Arthur's Court / _cMark Twain. |
| 260 |
_aNew York : _bHarper and Row, _c[1958] |
||
| 300 |
_aXIX, 314 p. ; _c18 cm. |
||
| 852 |
_aES-MaACL _jC-37058 _bR.66112 |
||
| 999 |
_c147128 _d147128 |
||